Biblioteca

Christian beginnings (Registro nro. 46904)

Detalles MARC
000 -LÍDER
Campo fijo de descripción fija 01289aam a2200385 4500
001 - NÚMERO DE CONTROL
Campo de control 20553
003 - IDENTIFICADOR DEL NÚMERO DE CONTROL
Campo de control CO-MdFUSB
005 - FECHA Y HORA DE LA ULTIMA TRANSACCIÓN
control field 20190202100422.0
008 - ELEMENTOS DE LONGITUD FIJA -- INFORMACIÓN GENERAL
Campo fijo de descripción fija -- Información general 170511t1993 xxu||||f |||| 00| 0 eng d
020 ## - NÚMERO INTERNACIONAL NORMALIZADO PARA LIBROS
Número Internacional Normalizado del libro 0-664-25195-1
040 ## - FUENTE DE CATALOGACIÓN
Agencia de catalogación original CO-MdFUSB
Idioma de catalogación spa
Agencia que realiza la transcripción CO-MdFUSB
Agencia que realiza la modificación CO-MdFUSBC
Convenciones de la descripción rda
041 ## - CÓDIGO DE IDIOMA
Código de idioma para texto/pista de sonido o título separado eng
082 ## - NÚMERO DE CLASIFICACIÓN DECIMAL DEWEY
Número de la edición del Dewey 24
Número de clasificación G 225.95
Clave de autor-Numero de item C555c
100 1# - ASIENTO PRINCIPAL--NOMBRE PERSONAL
Nombre personal Becker, Jürgen., (Editor)
245 10 - TÍTULO
Título del Material Christian beginnings
Parte restante del título - Subtitulo : Word and community from Jesus to post-apostolic times
Mención de responsabilidad, etc. / Editado por Jürgen Becker ; Traducido por Annemarie S. Kidder, Reinhard Krauss
264 #1 - PRODUCCIÓN, PUBLICACIÓN, DISTRIBUCIÓN, MANUFACTURA, Y COPYRIGHT
Lugar de producción, publicación, distribución, manufactura Louisville, Kentucky :
Nombre del productor, publicador, distribuidor Westminster/John Knox Press,
Fecha de producción, publicación, distribución, manufactura, o copyright ℗1993
264 #1 - PRODUCCIÓN, PUBLICACIÓN, DISTRIBUCIÓN, MANUFACTURA, Y COPYRIGHT
Fecha de producción, publicación, distribución, manufactura, o copyright ©1993
300 ## - DESCRIPCIÓN FÍSICA
Extensión 359 páginas
Otros detalles físicos :
Dimensiones ;
336 ## - TIPO DE CONTENIDO
Fuente rdacontent
Término de tipo de contenido
Código de tipo de contenido
337 ## - TIPO DE MEDIO
Fuente rdamedia
Nombre del tipo de medio
Código del tipo de medio
338 ## - TIPO DE SOPORTE
Fuente rdacarrier
Nombre del tipo de soporte
Código Tipo de soporte
505 00 - NOTA DE CONTENIDO
Nota de contenido con formato preestablecido Jesús - La primera generación del cristianismo primitivo - La época post-apostólica
563 ## - NOTA DE ENCUADERNACIÓN
Nota de encuadernación Rústico
650 #7 - ASIENTO SECUNDARIO DE MATERIA - TERMINO TEMÁTICO
Término temático o nombre geográfico como elemento de entrada Iglesia
Subdivisión general Historia
Subdivisión cronológica (Iglesia primitiva), ca. 0030-0600
Fuente del encabezamiento o término
9 (RLIN) 659
720 ## - ASIENTO SECUNDARIO - NOMBRE NO CONTROLADO
Nombre Burchard, Christoph
720 ## - ASIENTO SECUNDARIO - NOMBRE NO CONTROLADO
Nombre Colpe, Carsten
720 ## - ASIENTO SECUNDARIO - NOMBRE NO CONTROLADO
Nombre Loning, Karl
720 ## - ASIENTO SECUNDARIO - NOMBRE NO CONTROLADO
Nombre Riches, John K.
720 ## - ASIENTO SECUNDARIO - NOMBRE NO CONTROLADO
Nombre Lampe, Peter
720 ## - ASIENTO SECUNDARIO - NOMBRE NO CONTROLADO
Nombre Luz, Ulrich
720 ## - ASIENTO SECUNDARIO - NOMBRE NO CONTROLADO
Nombre Muller, Ulrich B.
720 ## - ASIENTO SECUNDARIO - NOMBRE NO CONTROLADO
Nombre Barrett, C.K.
942 ## - TIPO DE MATERIAL (KOHA)
Tipo de Item KOHA Libros General
Existencias
Estado de Material Estado de Perdido Forma de Clasificación Estado de Dañado No para Préstamo Colección Tomo Biblioteca de Origen Biblioteca Permanente Fecha de Adquisición Total de Préstamos Signatura Topográfica Código de Barras Última vez visto Ejemplar/Existencia Fecha de Remplazo Tipo de Material
    Dewey Decimal Classification     Colección General   Biblioteca FUSBC Biblioteca FUSBC 31/07/2015   G 270.1092 C555c 20337 12/12/2019 Ej. 1 26/01/2016 Libros General

Biblioteca FUSBC | Teléfono: (57+4) 349 88 10 Ext. 141| WhatsApp (+57) 3005338115 
E-mail: biblioteca@unisbc.edu.co | Calle 76 87-14 Robledo Palenque, Medellín, Colombia

Con tecnología Koha